Catálogo
 En Linea

Pancho Arias y su época : (Registro nro. 6774)

Detalles MARC
000 -CABECERA
campo de control de longitud fija 00741cam a2200205 a 4500
001 - NÚMERO DE CONTROL
campo de control 000006990
005 - FECHA Y HORA DE LA ÚLTIMA TRANSACCIÓN
campo de control 20200929154035.0
008 - DATOS DE LONGITUD FIJA--INFORMACIÓN GENERAL
campo de control de longitud fija 061207s2005 ve b 001 0dspa
020 ## - NÚMERO INTERNACIONAL ESTÁNDAR DEL LIBRO
ISBN cancelado o inválido 9962022874
040 ## - FUENTE DE LA CATALOGACIÓN
Centro catalogador/agencia de origen DO-SdBNP
Centro/agencia transcriptor DLC
Centro/agencia modificador DLC
082 ## - NÚMERO DE LA CLASIFICACIÓN DECIMAL DEWEY
Número de clasificación 923.2
Número de documento/Ítem A696S
100 1# - ENTRADA PRINCIPAL--NOMBRE DE PERSONA
Nombre de persona Salamín Cárdenas., Marcel A.,
Fechas asociadas al nombre 1944-
9 (RLIN) 19440
245 10 - MENCIÓN DE TÍTULO
Título Pancho Arias y su época :
Resto del título ensayo crítico para una biografía de la patria /
Mención de responsabilidad, etc. Marcel Salamín Cárdenas.
260 ## - PUBLICACIÓN, DISTRIBUCIÓN, ETC.
Lugar de publicación, distribución, etc. Venezuela :
Nombre del editor, distribuidor, etc. Epsilon Libros,
Fecha de publicación, distribución, etc. 2005.
300 ## - DESCRIPCIÓN FÍSICA
Extensión 435 p. ;
Dimensiones 22 cm.
504 ## - NOTA DE BIBLIOGRAFÍA, ETC.
Nota de bibliografía, etc. Incluye referencias bibliográficas.
600 14 - PUNTO DE ACCESO ADICIONAL DE MATERIA--NOMBRE DE PERSONA
Nombre de persona ARIAS PAREDES, FRANCISCO,
Fechas asociadas al nombre 1886-1946.
9 (RLIN) 19441
651 #4 - PUNTO DE ACCESO ADICIONAL DE MATERIA--NOMBRE GEOGRÁFICO
Nombre geográfico Panamá
Subdivisión general Política Y Gobierno
Subdivisión cronológica 1903-1946.
9 (RLIN) 19442
910 ## - DATOS DE OPCIÓN DEL USUARIO (OCLC)
Datos de opción del usuario Catalogación derivada / LC
Existencias
Estado de retiro Estado de pérdida Restricciones de uso No para préstamo Código de colección Localización permanente Ubicación/localización actual Ubicación en estantería Fecha de adquisición Número de inventario Total de préstamos Signatura topográfica completa Código de barras Fecha visto por última vez Precio válido a partir de Tipo de ítem Koha
    Préstamo interno   Monografías: Libros y Folletos General General En catalogación 03.09.2009 LF1   923.2 A696S 6990-10 25.06.2020 25.06.2020 Préstamo interno

Con tecnología Koha